000 00885nam a22002297a 4500
999 _c15569
_d15569
003 AR-CdUCM
008 190429b ||||| |||| 00| 0 chi d
040 _aMUNICIPALIDAD PROVINCIAL DEL CUSCO
_cBIBLIOTECA MUNICIPAL DEL CUSCO
082 _a895.1 /
_bZ76
100 _aZhijuan, Ru
_934675
245 _aSeven Contemporary Chinese women writers /
260 _aChina :
_bPanda Books,
_c1983.
300 _a280 páginas ;
_bretratos,
_c17 cm.
505 _aContenido: The Path Through the Grassland -- The Flight of the Wild Geese -- Melody in Dreams -- At middle age -- Love must not be forgotten -- The wasted years -- Life in a small courtyard.
650 _aLiteratura China
_99978
650 _aSiglo XX
_98
700 _aZongyng, Huang
_934676
700 _aPu, Zong
_934677
700 _aRong, Shen ... (coautoras)
_934678
942 _2ddc
_cLIBROS
945 _aachl
_d2019-04-29